[Iman] Estima el teu mercat
Descripción Física:
1 imant autoadhesiu : il·lustracions ; 8 x 8 cm
Idioma:
Catalán
MARC
| LEADER | 00000nrm a2200000 a 4500 | ||
|---|---|---|---|
| 001 | 25464 | ||
| 003 | Arxiu | ||
| 005 | 20260324181108.0 | ||
| 008 | 220512b spa||||| |||| 00| 0 cat d | ||
| 080 | |a NBM-13-98 | ||
| 245 | |a [Iman] Estima el teu mercat | ||
| 260 | |a Barcelona : |b Diputació de Barcelona, |b Ajuntament de Barcelona. Mercats de Barcelona |c 2016 | ||
| 300 | |a 1 imant autoadhesiu : |b il·lustracions ; |c 8 x 8 cm | ||
| 650 | 0 | |2 Arxiu |9 39474 |a Mercats |x Barcelona (Província) | |
| 655 | 0 | |a Imants |9 55150 | |
| 710 | 1 | |a Barcelona (Catalunya : Província). |b Diputació |9 52408 | |
| 710 | 2 | |9 52898 |a Institut Municipal de Mercats (Barcelona) | |
| 710 | 2 | |9 53428 |a Mercabarna | |
| 942 | |2 udc |c ARXIU |n 1 | ||
| 952 | |0 0 |1 0 |4 0 |6 NBM1398 |7 1 |9 61648 |a Arxiu |b Arxiu |d 2022-05-12 |l 0 |o NBM-13-98 |p 25465 |r 2022-05-12 00:00:00 |w 2022-05-12 |y ARXIU | ||
| 999 | |c 81546 |d 81546 | ||